000
00227nam a22001097a 4500
082
_a
494
_b
OM/B
245
_a
BHAGATH SINGH
260
_a
UTTARPRADESH
_b
OM KIDZ
300
_a
80
650
_a
HINDI STORY
_z
UTTARPRADESH
942
_c
BK
999
_c
4847
_d
4847